000 00396nam a2200169Ia 4500
008 221030s9999 xx 000 0 und d
020 _a8188646997
041 _aEnglish
082 _a105.23
100 _aB. R. Puri
245 0 _aPrinciples of Inorganic Chemistry
260 _bMilestone Pub
_aDelhi
_c2006
300 _a1115
650 _aBB Chemistry
700 _aL. R. Sharma
942 _cBK
999 _c732
_d732